Jingle Bells Lyrics - Statistics

General Stats
  • This quiz has been taken 483 times
  • The average score is 164 of 216
Answer Stats
Answer % Correct
Bells
98%
bells
98%
bells,
98%
Jingle
98%
jingle
98%
the
97%
a
96%
all
95%
I
95%
way.
95%
on
93%
On
93%
horse
92%
to
92%
fun
91%
is
91%
it
91%
one
91%
open
91%
Oh,
90%
ride
90%
sleigh,
90%
sleigh.
90%
sleigh...
90%
what
90%
What
90%
in
88%
snow
83%
Dashing
77%
through
77%
go.
70%
Laughing
70%
hey !
68%
Hey !
68%
we
68%
ring.
62%
an
60%
Making
59%
spirits
59%
and
57%
Over
57%
tonight.
56%
sing
54%
bright.
53%
Bobtail
52%
song
52%
fields
47%
sleighing
47%
Or
20%
You
9%
Saint
7%
with
7%
cold.
3%
Down
3%
there
3%
when
3%
know
2%
like
2%
Year
2%
comes
1%
Croix
1%
drink
1%
hate
1%
island
1%
New
1%
nothing
1%
Palm
1%
rum.
1%
slow.
1%
some
1%
south
1%
sun.
1%
That's
1%
There's
1%
trees
1%
why
1%
always
0%
being
0%
dock
0%
goes.
0%
swaying
0%
No matching quizzes found
Score Distribution
Percent of People with Each Score
Percentile by Number Answered
Your Score History
You have not taken this quiz